000 00274nam a22001217a 4500
008 170516b xxu||||| |||| 00| 0 eng d
041 _aeng
080 _a94(7/8)
100 _a16
101 _aSHH
245 _aMAJOR CRISES IN AMERICAN HISTORY
_cLEVY,L.W
942 _2udc
_cBK
999 _c13438
_d13438